[Event "Zlota Wieze 50"]
[Site "Pultusk"]
[Date "2008.07.04"]
[Round "7.2"]
[White "Gosciniak, Maria"]
[Black "Wiacek, Anna"]
[Result "1-0"]
[WhiteElo "2067"]
[BlackElo "1973"]
[PlyCount "87"]
[EventDate "2008.06.30"]
[EventType "team"]
[EventRounds "9"]
[EventCountry "POL"]
[SourceTitle "EXT 2020"]
[Source "ChessBase"]
[SourceDate "2019.10.17"]
[SourceVersion "1"]
[SourceVersionDate "2019.10.17"]
[SourceQuality "1"]

1. e4 e5 2. Nf3 Nc6 3. d4 exd4 4. Nxd4 Qf6 5. Be3 Bc5 6. c3 Nge7 7. g3 d6 8. Bg2 0-0 9. Nxc6 Nxc6 10. Bxc5 dxc5 11. f4 Rd8 12. Qe2 b6 13. 0-0 Bb7 14. Nd2 Rd7 15. e5 Qg6 16. f5 Qh6 17. Nf3 Re8 18. Rae1 Nd8 19. Rd1 Ree7 20. Nh4 Bxg2 21. Nxg2 Qg5 22. e6 Rxd1 23. Rxd1 Re8 24. exf7+ Kxf7 25. Qc4+ Kf8 26. Qd5 c6 27. Qc4 Re5 28. Nf4 Qe7 29. Kg2 b5 30. Qd3 Nf7 31. Qf3 Nd8 32. Rxd8+ Qxd8 33. Ne6+ Rxe6 34. fxe6+ Ke7 35. Qf7+ Kd6 36. Qxg7 Qe7 37. Qxe7+ Kxe7 38. Kf3 Kxe6 39. Ke4 a5 40. a4 b4 41. g4 h6 42. h4 Kf6 43. cxb4 cxb4 44. Kd4 1-0